| 000 | 03404cam a2200421 4500500 | ||
|---|---|---|---|
| 005 | 20260517000305.0 | ||
| 041 | _afre | ||
| 042 | _adc | ||
| 100 | 1 | 0 |
_aRouffiac, Karine _eauthor |
| 700 | 1 | 0 |
_aBoudet, Gil _eauthor |
| 700 | 1 | 0 |
_aBiat, Isabelle _eauthor |
| 700 | 1 | 0 |
_aGabrillargues, Dominique _eauthor |
| 700 | 1 | 0 |
_aMillot-Theïs, Brigitte _eauthor |
| 700 | 1 | 0 |
_aDutheil, Frédéric _eauthor |
| 700 | 1 | 0 |
_aJean, Annette _eauthor |
| 700 | 1 | 0 |
_aChamoux, Alain _eauthor |
| 245 | 0 | 0 | _aExpérience de l'Unité ARPEGES au CHU de Clermont-Ferrand : évaluation et gestion de la santé au travail du personnel hospitalier |
| 260 | _c2009. | ||
| 500 | _a88 | ||
| 520 | _aRésuméAfin de suivre l’évolution en 2002 de la médecine vers la santé au travail, le Centre Hospitalier Universitaire de Clermont-Ferrand a créé en 2003 une Unité d’Analyse des Risques Professionnels et d’Évaluation et de Gestion de l’État de Santé (ARPEGES) afin de mieux exploiter les données de la Santé au travail. Les analyses de cette Unité sont essentiellement basées sur un questionnaire standardisé systématiquement administré au cours des examens annuels de médecine du travail et permettant de recueillir 23 indicateurs de risques professionnels et sanitaires. Le suivi annuel des indicateurs permet une vision collective des problèmes de santé, une meilleure définition des cibles et des moyens d’action. Après quatre ans, il montre un bénéfice incontestable des actions préventives et correctives entreprises. Cet instrument de pilotage a modifié la « culture » du Service et apparaît aujourd’hui indispensable à la définition de ses orientations. | ||
| 520 | _aIn 2003, the university hospital in Clermont-Ferrand, France, established an Analysis Unit for Occupational Hazards and Health Status Evaluation and Management (Analyses des Risques Professionels et Evaluation et Gestion de l’Etat de Santé – ARPEGES) in order to make better use of occupational health data. The unit’s analyses are mostly based on a standardised questionnaire that is systematically completed during the annual occupational medical examinations, which collects information on 23 indicators of occupational and health risks. The annual analysis of the indicators contributes to a comprehensive, collective vision of health problems, and a better definition of the target areas and means for action. After four years of operation, the unit’s products and results demonstrate an indisputable benefit of prevention and corrective action. This instrument for guidance modified the “culture” of the service, and today it appears essential to the definition of its orientations. | ||
| 690 | _aévaluation de la santé | ||
| 690 | _amédecine du travail | ||
| 690 | _aprévention | ||
| 690 | _arisque cardio-vasculaire | ||
| 690 | _arisques professionnels | ||
| 690 | _asuivi longitudinal | ||
| 690 | _atroubles musculo-squelettiques | ||
| 690 | _acardio-vascular risk | ||
| 690 | _ahealth evaluation | ||
| 690 | _alongitudinal follow-up | ||
| 690 | _amusculoskeletal disorders | ||
| 690 | _aoccupational hazards | ||
| 690 | _aoccupational medicine | ||
| 690 | _aprevention | ||
| 786 | 0 | _nSanté Publique | 21 | 1 | 2009-03-30 | p. 11-23 | 0995-3914 | |
| 856 | 4 | 1 | _uhttps://stm.cairn.info/revue-sante-publique-2009-1-page-11?lang=fr&redirect-ssocas=7080 |
| 999 |
_c2230966 _d2230967 |
||